000 00312nam a22001337a 4500
008 170512b xxu||||| |||| 00| 0 eng d
020 _a0822309939
041 _aeng
080 _a94
100 _a16
101 _aSHH
245 _aTHE CULTURAL ORIGINS OF THE FRENCH REVOLUTION
_cCHARTIER ,R
942 _2udc
_cBK
999 _c13290
_d13290